<?xml version="1.0" encoding="UTF-8"?>
<collection xmlns="http://www.loc.gov/MARC21/slim">
 <record>
  <leader>01581nam a22002538a 4500</leader>
  <controlfield tag="001">NCT_18966</controlfield>
  <controlfield tag="008">040524s2003              b   000 0    od</controlfield>
  <datafield tag="999" ind1=" " ind2=" ">
   <subfield code="c">898</subfield>
   <subfield code="d">898</subfield>
  </datafield>
  <datafield tag="020" ind1=" " ind2=" ">
   <subfield code="c">48000đ</subfield>
  </datafield>
  <datafield tag="082" ind1=" " ind2=" ">
   <subfield code="2">23rd ed.</subfield>
   <subfield code="a">628.144</subfield>
   <subfield code="b">L103</subfield>
  </datafield>
  <datafield tag="100" ind1="1" ind2=" ">
   <subfield code="a">Trịnh Xuân Lai</subfield>
  </datafield>
  <datafield tag="245" ind1="1" ind2="0">
   <subfield code="a">Tính toán thiết kế các công trình trong hệ thống cấp nước sạch</subfield>
   <subfield code="c">Trịnh Xuân Lai</subfield>
  </datafield>
  <datafield tag="260" ind1=" " ind2=" ">
   <subfield code="a">H.</subfield>
   <subfield code="b">Khoa học và Kỹ thuật</subfield>
   <subfield code="c">2003</subfield>
  </datafield>
  <datafield tag="300" ind1=" " ind2=" ">
   <subfield code="a">325tr : hình vẽ</subfield>
   <subfield code="c">27cm</subfield>
  </datafield>
  <datafield tag="500" ind1=" " ind2=" ">
   <subfield code="a">Phụ lục: tr. 295-319. - Thư mục: tr. 319</subfield>
  </datafield>
  <datafield tag="520" ind1=" " ind2=" ">
   <subfield code="a">Các chỉ tiêu chất lượng nước, tiêu chuẩn dùng nước, trạm bơm và máy bơm, những tính toán thiết kế các công trình trong hệ thống cấp nước sạch, cách xử lý chất cặn và hiệu quả của dự án đầu tư các công trình cấp nước</subfield>
  </datafield>
  <datafield tag="653" ind1=" " ind2=" ">
   <subfield code="a">Thiết kế hệ thống</subfield>
  </datafield>
  <datafield tag="653" ind1=" " ind2=" ">
   <subfield code="a">Nước sạch</subfield>
  </datafield>
  <datafield tag="653" ind1=" " ind2=" ">
   <subfield code="a">Cấp nước</subfield>
  </datafield>
  <datafield tag="942" ind1=" " ind2=" ">
   <subfield code="2">ddc</subfield>
   <subfield code="c">BK</subfield>
  </datafield>
  <datafield tag="952" ind1=" " ind2=" ">
   <subfield code="0">0</subfield>
   <subfield code="1">0</subfield>
   <subfield code="2">ddc</subfield>
   <subfield code="4">0</subfield>
   <subfield code="6">628_144000000000000_L103</subfield>
   <subfield code="7">0</subfield>
   <subfield code="9">5593</subfield>
   <subfield code="a">000001</subfield>
   <subfield code="b">000001</subfield>
   <subfield code="d">2017-12-08</subfield>
   <subfield code="o">628.144 L103</subfield>
   <subfield code="p">MD.09102</subfield>
   <subfield code="r">2017-12-08</subfield>
   <subfield code="v">48000.00</subfield>
   <subfield code="w">2017-12-08</subfield>
   <subfield code="y">BK</subfield>
  </datafield>
  <datafield tag="952" ind1=" " ind2=" ">
   <subfield code="0">0</subfield>
   <subfield code="1">0</subfield>
   <subfield code="2">ddc</subfield>
   <subfield code="4">0</subfield>
   <subfield code="6">628_144000000000000_L103</subfield>
   <subfield code="7">0</subfield>
   <subfield code="9">5594</subfield>
   <subfield code="a">000001</subfield>
   <subfield code="b">000001</subfield>
   <subfield code="d">2017-12-08</subfield>
   <subfield code="o">628.144 L103</subfield>
   <subfield code="p">MD.09103</subfield>
   <subfield code="r">2017-12-08</subfield>
   <subfield code="v">48000.00</subfield>
   <subfield code="w">2017-12-08</subfield>
   <subfield code="y">BK</subfield>
  </datafield>
  <datafield tag="952" ind1=" " ind2=" ">
   <subfield code="0">0</subfield>
   <subfield code="1">0</subfield>
   <subfield code="2">ddc</subfield>
   <subfield code="4">0</subfield>
   <subfield code="6">628_144000000000000_L103</subfield>
   <subfield code="7">0</subfield>
   <subfield code="9">5595</subfield>
   <subfield code="a">000001</subfield>
   <subfield code="b">000001</subfield>
   <subfield code="d">2017-12-08</subfield>
   <subfield code="o">628.144 L103</subfield>
   <subfield code="p">MD.09100</subfield>
   <subfield code="r">2017-12-08</subfield>
   <subfield code="v">48000.00</subfield>
   <subfield code="w">2017-12-08</subfield>
   <subfield code="y">BK</subfield>
  </datafield>
  <datafield tag="980" ind1=" " ind2=" ">
   <subfield code="a">Thư viện Trường Đại học Nam Cần Thơ</subfield>
  </datafield>
 </record>
</collection>
